Measuring Purchasing Performance (Record no. 2285)

MARC details
000 -LEADER
fixed length control field 00696nhm a2200169 a 4500
020 ## - INTERNATIONAL STANDARD BOOK NUMBER
ISBN 9781861241986
050 ## - CALL NUMBER
Classification number HF5437.M43 MEA
100 ## - AUTHOR
Personal name Bryan Jones
245 ## - TITLE
Title Measuring Purchasing Performance
Statement of responsibility, etc Bryan Jones
260 ## - PUBLICATION INFORMATION
Place of publication UK
Name of publisher CIPS
Year of publication 2009
300 ## - DESCRIPTION
Number of Pages "The official CIPS course book"--Reference text cover.
300 ## - DESCRIPTION
Number of Pages "Level 4 Foundation Diploma in Purchasing and Supply"--Covers.
500 ## - NOTES
General note Mock exams
505 ## - FORMATTED CONTENTS NOTE
Table of Content 1. The role and importance of performance measurement<br/>2. The concept and forms of value added<br/>3. The role of information<br/>4. Managing inventory<br/>5. Supplier appraisal and selection<br/>6. Supplier performance measurement
650 ## - SUBJECTS
Topical Term Purchasing
942 ## - ADDED ENTRY ELEMENTS (KOHA)
Koha item type Books
Holdings
Withdrawn status Lost status Collection code Home library Current library Shelving location Date acquired Full call number Accession Number Koha item type
    Reference Methodist University Library Main Methodist University Library Main General Stacks 07/02/2012 HF5437.M43 MEA 34843 Books
Copyright © 2026  MUG Library